[Event "36th European Club Cup 2021"]
[Site "Struga"]
[Date "2021.09.23"]
[Round "6.15"]
[White "Antipov, Mikhail Al."]
[Black "Papp, Gabor"]
[Result "1-0"]
[WhiteElo "2607"]
[BlackElo "2599"]
[Annotator "ChessBase"]
[PlyCount "75"]
[EventDate "2021.09.18"]
[EventType "team-tourn"]
[EventCountry "MKD"]
[SourceTitle "playchess.com"]
[Source "ChessBase"]
[SourceQuality "1"]
[TimeControl "40/5400+30:1800+30"]

1. e4 {[%emt 0:00:05]} e5 {[%emt 0:00:03]} 2. Nf3 {[%emt 0:00:05]} Nf6 {
[%emt 0:00:06]} 3. Nxe5 {[%emt 0:00:05]} d6 {[%emt 0:00:04]} 4. Nf3 {[%emt 0:
00:04]} Nxe4 {[%emt 0:00:06]} 5. Bd3 {[%emt 0:00:04]} Nf6 {[%emt 0:00:37]} 6.
O-O {[%emt 0:00:08]} Be7 {[%emt 0:01:17]} 7. Re1 {[%emt 0:00:06]} O-O {[%emt 0:
00:35]} 8. Bf1 {[%emt 0:00:07]} d5 {[%emt 0:02:01]} 9. d4 {[%emt 0:00:07]} h6 {
[%emt 0:00:30]} 10. h3 {[%emt 0:05:59]} c5 {[%emt 0:00:37]} 11. Be3 {[%emt 0:
02:18]} b6 {[%emt 0:28:46]} 12. Ne5 {[%emt 0:08:54]} Bd6 {[%emt 0:01:33]} 13.
Nc3 {[%emt 0:12:18]} a6 {[%emt 0:00:45]} 14. Qf3 {[%emt 0:01:19]} Be6 {[%emt 0:
04:09]} 15. Rad1 {[%emt 0:15:39]} b5 {[%emt 0:02:26]} 16. a4 {[%emt 0:15:02]}
b4 {[%emt 0:00:32]} 17. Ne2 {[%emt 0:00:06]} c4 {[%emt 0:09:42]} 18. Ng3 {
[%emt 0:06:49]} Nbd7 {[%emt 0:04:38]} 19. Bf4 {[%emt 0:00:12]} Qc7 {[%emt 0:02:
42]} 20. b3 {[%emt 0:05:46]} Ne4 {[%emt 0:11:43]} 21. bxc4 {[%emt 0:07:44]} Nc3
{[%emt 0:02:44]} 22. Nh5 {[%emt 0:02:33]} Bxe5 {[%emt 0:07:09]} 23. Rxe5 {
[%emt 0:03:17]} Nxe5 {[%emt 0:01:35]} 24. Bxe5 {[%emt 0:00:05]} Qe7 {[%emt 0:
00:15]} 25. Bxg7 {[%emt 0:01:38]} Qg5 {[%emt 0:00:36]} 26. Be5 {[%emt 0:10:06]}
f5 {[%emt 0:00:57]} 27. Re1 {[%emt 0:00:18]} Ne4 {[%emt 0:07:41]} 28. Nf4 {
[%emt 0:00:05]} Bf7 {[%emt 0:00:03]} 29. cxd5 {[%emt 0:00:10]} Nd2 {[%emt 0:00:
31]} 30. Qd3 {[%emt 0:01:18]} Nxf1 {[%emt 0:00:04]} 31. Qxf1 {[%emt 0:00:51]}
Rac8 {[%emt 0:00:04]} 32. Re3 {[%emt 0:00:35]} Rc3 {[%emt 0:00:33]} 33. Rxc3 {
[%emt 0:00:06]} bxc3 {[%emt 0:00:04]} 34. Qxa6 {[%emt 0:00:09]} Kh7 {[%emt 0:
03:02]} 35. Qb7 {[%emt 0:00:35]} Kg8 {[%emt 0:01:35]} 36. a5 {[%emt 0:01:25]}
Qd8 {[%emt 0:00:18]} 37. a6 {[%emt 0:00:20]} Qa5 {[%emt 0:03:54]} 38. Qc6 {
[%emt 0:00:16]} 1-0

[Event "36th European Club Cup 2021"]
[Site "Struga"]
[Date "2021.09.23"]
[Round "6.16"]
[White "Thybo, Jesper Sondergaard"]
[Black "Lomasov, Semyon"]
[Result "1-0"]
[WhiteElo "2587"]
[BlackElo "2526"]
[Annotator "ChessBase"]
[PlyCount "133"]
[EventDate "2021.09.18"]
[EventType "team-tourn"]
[EventCountry "MKD"]
[SourceTitle "playchess.com"]
[Source "ChessBase"]
[SourceQuality "1"]
[TimeControl "40/5400+30:1800+30"]

1. d4 {[%emt 0:00:06]} e6 {[%emt 0:00:06]} 2. c4 {[%emt 0:00:08]} Bb4+ {
[%emt 0:00:03]} 3. Bd2 {[%emt 0:00:08]} a5 {[%emt 0:00:05]} 4. Nf3 {[%emt 0:00:
42]} d5 {[%emt 0:00:44]} 5. Qc2 {[%emt 0:01:02]} Nf6 {[%emt 0:01:37]} 6. g3 {
[%emt 0:00:49]} Nc6 {[%emt 0:01:17]} 7. Bg2 {[%emt 0:01:51]} dxc4 {[%emt 0:00:
40]} 8. Qxc4 {[%emt 0:00:31]} Qd5 {[%emt 0:00:08]} 9. Qd3 {[%emt 0:04:01]} Qf5
{[%emt 0:00:58]} 10. Qxf5 {[%emt 0:02:09]} exf5 {[%emt 0:00:02]} 11. O-O {
[%emt 0:00:29]} Be6 {[%emt 0:01:42]} 12. Rc1 {[%emt 0:07:55]} O-O {[%emt 0:01:
08]} 13. Bf4 {[%emt 0:02:55]} Nd5 {[%emt 0:15:39]} 14. Nc3 {[%emt 0:00:33]} a4
{[%emt 0:01:31]} 15. Nxd5 {[%emt 0:04:06]} Bxd5 {[%emt 0:01:28]} 16. Bxc7 {
[%emt 0:00:20]} Bxf3 {[%emt 0:16:20]} 17. exf3 {[%emt 0:00:47]} Nxd4 {[%emt 0:
08:43]} 18. Rc4 {[%emt 0:02:43]} Nc6 {[%emt 0:01:03]} 19. f4 {[%emt 0:02:25]}
Rfc8 {[%emt 0:01:04]} 20. Bb6 {[%emt 0:03:25]} Ra6 {[%emt 0:17:52]} 21. Be3 {
[%emt 0:05:18]} Be7 {[%emt 0:01:35]} 22. Rd1 {[%emt 0:03:11]} Rd8 {[%emt 0:00:
46]} 23. Rxd8+ {[%emt 0:10:08]} Bxd8 {[%emt 0:00:03]} 24. Rc5 {[%emt 0:02:29]}
Ra5 {[%emt 0:06:56]} 25. Rc2 {[%emt 0:00:37]} Bf6 {[%emt 0:02:04]} 26. Bxc6 {
[%emt 0:06:31]} bxc6 {[%emt 0:00:02]} 27. Rxc6 {[%emt 0:00:07]} h5 {[%emt 0:00:
03]} 28. b4 {[%emt 0:04:43]} axb3 {[%emt 0:00:21]} 29. axb3 {[%emt 0:00:39]}
Rb5 {[%emt 0:03:45]} 30. Rb6 {[%emt 0:04:14]} Rxb6 {[%emt 0:00:06]} 31. Bxb6 {
[%emt 0:00:04]} Kf8 {[%emt 0:00:03]} 32. Kf1 {[%emt 0:01:54]} Ke7 {[%emt 0:00:
14]} 33. Ke2 {[%emt 0:00:21]} Kd6 {[%emt 0:00:27]} 34. Kd3 {[%emt 0:01:11]} Kd5
{[%emt 0:00:11]} 35. b4 {[%emt 0:03:54]} Be7 {[%emt 0:02:07]} 36. b5 {[%emt 0:
03:47]} Bb4 {[%emt 0:04:52]} 37. Bd4 {[%emt 0:04:19]} g6 {[%emt 0:00:15]} 38.
h3 {[%emt 0:12:34]} Be1 {[%emt 0:00:39]} 39. Be3 {[%emt 0:00:20]} Bb4 {[%emt 0:
01:12]} 40. Bd4 {[%emt 0:00:00]} Be1 {[%emt 0:00:00]} 41. Be3 {[%emt 0:02:42]}
Bb4 {[%emt 0:03:51]} 42. f3 {[%emt 0:07:59]} Be1 {[%emt 0:01:46]} 43. g4 {
[%emt 0:00:09]} hxg4 {[%emt 0:01:11]} 44. fxg4 {[%emt 0:00:32]} fxg4 {[%emt 0:
00:13]} 45. hxg4 {[%emt 0:00:06]} Bb4 {[%emt 0:12:36]} 46. Kc2 {[%emt 0:02:55]}
Be1 {[%emt 0:06:30]} 47. Kb3 {[%emt 0:01:08]} Ba5 {[%emt 0:00:05]} 48. Kc2 {
[%emt 0:09:31]} Be1 {[%emt 0:02:21]} 49. Bd2 {[%emt 0:00:47]} Bf2 {[%emt 0:00:
24]} 50. Kb3 {[%emt 0:00:11]} Bb6 {[%emt 0:01:47]} 51. Kb4 {[%emt 0:05:49]} Bc7
{[%emt 0:03:14]} 52. Ka4 {[%emt 0:02:37]} Ke4 {[%emt 0:01:03]} 53. Kb3 {
[%emt 0:01:51]} Kd5 {[%emt 0:00:52]} 54. Kb4 {[%emt 0:00:05]} Bb6 {[%emt 0:00:
10]} 55. Kc3 {[%emt 0:02:08]} Ba5+ {[%emt 0:01:34]} 56. Kd3 {[%emt 0:00:11]}
Bb6 {[%emt 0:00:08]} 57. Be3 {[%emt 0:00:16]} Ba5 {[%emt 0:00:02]} 58. b6 {
[%emt 0:00:36]} Kc6 {[%emt 0:00:08]} 59. Ke4 {[%emt 0:00:21]} Bb4 {[%emt 0:00:
31]} 60. Ke5 {[%emt 0:02:17]} Be7 {[%emt 0:00:08]} 61. g5 {[%emt 0:03:07]} Bd8
{[%emt 0:00:57]} 62. b7 {[%emt 0:01:41]} Kxb7 {[%emt 0:02:52]} 63. Kd6 {
[%emt 0:00:03]} Kc8 {[%emt 0:08:40]} 64. Bd2 {[%emt 0:00:05]} f6 {[%emt 0:03:
00]} 65. f5 {[%emt 0:00:05]} fxg5 {[%emt 0:00:28]} 66. fxg6 {[%emt 0:00:04]}
Bf6 {[%emt 0:00:03]} 67. Bxg5 {[%emt 0:00:41]} 1-0

[Event "36th European Club Cup 2021"]
[Site "Struga"]
[Date "2021.09.23"]
[Round "6.17"]
[White "Arngrimsson, Dagur"]
[Black "Rozentalis, Eduardas"]
[Result "0-1"]
[WhiteElo "2383"]
[BlackElo "2509"]
[Annotator "ChessBase"]
[PlyCount "82"]
[EventDate "2021.09.18"]
[EventType "team-tourn"]
[EventCountry "MKD"]
[SourceTitle "playchess.com"]
[Source "ChessBase"]
[SourceQuality "1"]
[TimeControl "40/5400+30:1800+30"]

1. d4 {[%emt 0:00:35]} e6 {[%emt 0:00:35]} 2. c4 {[%emt 0:01:05]} Nf6 {[%emt 0:
00:28]} 3. a3 {[%emt 0:00:25]} g6 {[%emt 0:01:21]} 4. Nc3 {[%emt 0:01:46]} Bg7
{[%emt 0:01:05]} 5. Nf3 {[%emt 0:03:20]} O-O {[%emt 0:01:15]} 6. Bg5 {[%emt 0:
10:04]} h6 {[%emt 0:01:27]} 7. Bh4 {[%emt 0:03:57]} d6 {[%emt 0:05:55]} 8. h3 {
[%emt 0:03:42]} g5 {[%emt 0:09:29]} 9. Bg3 {[%emt 0:00:05]} Nh5 {[%emt 0:00:09]
} 10. Bh2 {[%emt 0:01:03]} f5 {[%emt 0:00:07]} 11. g4 {[%emt 0:14:15]} fxg4 {
[%emt 0:06:12]} 12. hxg4 {[%emt 0:00:05]} Nf6 {[%emt 0:00:04]} 13. Rg1 {
[%emt 0:00:34]} Nc6 {[%emt 0:05:52]} 14. e3 {[%emt 0:16:21]} e5 {[%emt 0:04:34]
} 15. d5 {[%emt 0:05:34]} Ne7 {[%emt 0:01:06]} 16. Nd2 {[%emt 0:00:45]} c6 {
[%emt 0:01:49]} 17. Be2 {[%emt 0:07:43]} a6 {[%emt 0:11:58]} 18. Qb3 {[%emt 0:
04:21]} cxd5 {[%emt 0:08:49]} 19. cxd5 {[%emt 0:00:05]} b5 {[%emt 0:00:51]} 20.
O-O-O {[%emt 0:04:15]} Bb7 {[%emt 0:05:49]} 21. Nde4 {[%emt 0:02:17]} Nxe4 {
[%emt 0:09:26]} 22. Nxe4 {[%emt 0:00:06]} Ng6 {[%emt 0:00:10]} 23. Kb1 {
[%emt 0:01:58]} Qd7 {[%emt 0:04:00]} 24. Bg3 {[%emt 0:00:45]} Rad8 {[%emt 0:03:
29]} 25. Bd3 {[%emt 0:08:59]} Ne7 {[%emt 0:05:01]} 26. Bc2 {[%emt 0:00:56]} Rc8
{[%emt 0:01:45]} 27. Qd3 {[%emt 0:01:54]} Bxd5 {[%emt 0:03:13]} 28. Nxg5 {
[%emt 0:02:31]} hxg5 {[%emt 0:01:21]} 29. Qh7+ {[%emt 0:00:54]} Kf7 {[%emt 0:
00:02]} 30. Qh5+ {[%emt 0:03:14]} Ke6 {[%emt 0:01:10]} 31. Bf5+ {[%emt 0:00:34]
} Nxf5 {[%emt 0:02:01]} 32. Qg6+ {[%emt 0:00:29]} Ke7 {[%emt 0:01:17]} 33. Rxd5
{[%emt 0:00:30]} Rf6 {[%emt 0:01:44]} 34. Qxg5 {[%emt 0:00:15]} Bh6 {[%emt 0:
00:07]} 35. Qh5 {[%emt 0:00:25]} Nxg3 {[%emt 0:00:17]} 36. fxg3 {[%emt 0:01:50]
} Qc6 {[%emt 0:01:10]} 37. Rgd1 {[%emt 0:00:40]} Qc2+ {[%emt 0:01:39]} 38. Ka1
{[%emt 0:00:05]} Qg6 {[%emt 0:00:42]} 39. Qh1 {[%emt 0:00:05]} Qxg4 {[%emt 0:
00:59]} 40. R5d2 {[%emt 0:00:00]} Qf3 {[%emt 0:00:00]} 41. Qxf3 {[%emt 0:11:09]
} Rxf3 {[%emt 0:01:30]} 0-1

[Event "36th European Club Cup 2021"]
[Site "Struga"]
[Date "2021.09.23"]
[Round "6.18"]
[White "Chatalbashev, Boris"]
[Black "Lagerman, Robert"]
[Result "1/2-1/2"]
[WhiteElo "2530"]
[BlackElo "2300"]
[Annotator "ChessBase"]
[PlyCount "117"]
[EventDate "2021.09.18"]
[EventType "team-tourn"]
[EventCountry "MKD"]
[SourceTitle "playchess.com"]
[Source "ChessBase"]
[SourceQuality "1"]
[TimeControl "40/5400+30:1800+30"]

1. d4 {[%emt 0:00:04]} Nf6 {[%emt 0:00:05]} 2. c4 {[%emt 0:00:06]} c5 {[%emt 0:
00:05]} 3. d5 {[%emt 0:00:06]} b5 {[%emt 0:00:06]} 4. cxb5 {[%emt 0:00:06]} a6
{[%emt 0:00:03]} 5. bxa6 {[%emt 0:00:06]} g6 {[%emt 0:00:30]} 6. Nc3 {[%emt 0:
00:07]} Bxa6 {[%emt 0:01:22]} 7. e4 {[%emt 0:00:07]} Bxf1 {[%emt 0:00:04]} 8.
Kxf1 {[%emt 0:00:05]} d6 {[%emt 0:00:09]} 9. Nf3 {[%emt 0:00:06]} Bg7 {[%emt 0:
00:06]} 10. g3 {[%emt 0:00:05]} O-O {[%emt 0:00:18]} 11. Kg2 {[%emt 0:00:02]}
Nbd7 {[%emt 0:01:03]} 12. a4 {[%emt 0:00:10]} Qa5 {[%emt 0:09:55]} 13. Bd2 {
[%emt 0:01:01]} Rfb8 {[%emt 0:03:07]} 14. Nb5 {[%emt 0:01:33]} Qd8 {[%emt 0:00:
19]} 15. Qc2 {[%emt 0:00:39]} Ne8 {[%emt 0:00:52]} 16. Ra3 {[%emt 0:18:50]} Nc7
{[%emt 0:05:53]} 17. Nc3 {[%emt 0:02:03]} Ne5 {[%emt 0:28:31]} 18. Nxe5 {
[%emt 0:01:05]} Bxe5 {[%emt 0:00:11]} 19. Rb1 {[%emt 0:01:40]} Qd7 {[%emt 0:17:
33]} 20. Rb3 {[%emt 0:05:17]} f5 {[%emt 0:06:11]} 21. Rxb8+ {[%emt 0:03:22]}
Rxb8 {[%emt 0:03:02]} 22. a5 {[%emt 0:05:01]} fxe4 {[%emt 0:03:40]} 23. Nxe4 {
[%emt 0:03:06]} Nxd5 {[%emt 0:06:30]} 24. Qc4 {[%emt 0:00:17]} Qe6 {[%emt 0:02:
19]} 25. Kg1 {[%emt 0:08:40]} Nc7 {[%emt 0:00:51]} 26. Qxe6+ {[%emt 0:00:06]}
Nxe6 {[%emt 0:00:03]} 27. b4 {[%emt 0:00:10]} d5 {[%emt 0:04:22]} 28. Ng5 {
[%emt 0:22:55]} Nxg5 {[%emt 0:00:16]} 29. Bxg5 {[%emt 0:00:05]} Rxb4 {[%emt 0:
00:42]} 30. Rxb4 {[%emt 0:01:27]} cxb4 {[%emt 0:00:05]} 31. a6 {[%emt 0:00:09]}
Bb8 {[%emt 0:02:00]} 32. Bxe7 {[%emt 0:02:47]} b3 {[%emt 0:00:06]} 33. Ba3 {
[%emt 0:00:18]} Kf7 {[%emt 0:02:07]} 34. Kf1 {[%emt 0:07:02]} Ke6 {[%emt 0:01:
17]} 35. Ke2 {[%emt 0:00:24]} d4 {[%emt 0:02:30]} 36. Kd3 {[%emt 0:01:03]} Kd5
{[%emt 0:00:03]} 37. Bb2 {[%emt 0:03:57]} Ba7 {[%emt 0:00:04]} 38. f4 {[%emt 0:
00:15]} h5 {[%emt 0:00:29]} 39. h3 {[%emt 0:00:05]} Bb6 {[%emt 0:00:45]} 40. g4
{[%emt 0:00:00]} hxg4 {[%emt 0:00:00]} 41. hxg4 {[%emt 0:00:24]} Ba7 {[%emt 0:
01:34]} 42. Ba3 {[%emt 0:06:22]} Bb6 {[%emt 0:04:21]} 43. Be7 {[%emt 0:04:12]}
Ke6 {[%emt 0:03:36]} 44. Bd8 {[%emt 0:08:21]} Ba7 {[%emt 0:00:34]} 45. Bc7 {
[%emt 0:00:38]} Kd7 {[%emt 0:03:43]} 46. Be5 {[%emt 0:01:34]} Ke6 {[%emt 0:00:
33]} 47. Bg7 {[%emt 0:01:36]} Kd5 {[%emt 0:01:02]} 48. Bf8 {[%emt 0:03:44]} Bb6
{[%emt 0:02:02]} 49. Bb4 {[%emt 0:01:19]} Ba7 {[%emt 0:00:11]} 50. Ba3 {
[%emt 0:02:44]} Bb6 {[%emt 0:00:12]} 51. Bc1 {[%emt 0:01:52]} Ba7 {[%emt 0:00:
10]} 52. Bd2 {[%emt 0:02:03]} Ke6 {[%emt 0:03:05]} 53. Bc1 {[%emt 0:01:02]} Kd5
{[%emt 0:00:04]} 54. g5 {[%emt 0:00:32]} Bb6 {[%emt 0:01:35]} 55. Bb2 {[%emt 0:
00:16]} Ba7 {[%emt 0:01:10]} 56. Ba3 {[%emt 0:00:45]} Bb6 {[%emt 0:00:55]} 57.
Bc1 {[%emt 0:00:30]} Ba7 {[%emt 0:00:07]} 58. Bb2 {[%emt 0:00:06]} Bb6 {
[%emt 0:00:07]} 59. Bc1 {[%emt 0:17:33]} 1/2-1/2

[Event "36th European Club Cup 2021"]
[Site "Struga"]
[Date "2021.09.23"]
[Round "6.19"]
[White "Indjic, Aleksandar"]
[Black "Mamedov, Rauf"]
[Result "0-1"]
[WhiteElo "2629"]
[BlackElo "2654"]
[Annotator "TA"]
[PlyCount "64"]
[EventDate "2021.09.18"]
[EventType "team-tourn"]
[EventCountry "MKD"]
[SourceTitle "playchess.com"]
[Source "ChessBase"]
[SourceQuality "1"]

{[%evp 11,64,-14,22,0,21,0,0,-70,-78,-77,-70,-68,-81,-70,-57,-73,-71,-134,-122,
-131,-147,-200,-201,-258,-262,-470,-460,-629,-604,-602,-620,-647,-655,-653,
-641,-773,-771,-754,-722,-671,-550,-666,-661,-766,-760,-746,-759,-804,-793,
-1076,-750,-957,-948,-991,-973]} 1. Nc3 c5 2. e4 Nc6 3. g3 g6 4. Bg2 Bg7 5. d3
d6 6. f4 Nd4 7. Be3 {B25: Closed Sicilian: 3 g3, lines without early Be3.} Nf6
8. h3 e5 9. g4 {[#]} (9. Nge2 $11) 9... exf4 $5 $146 {[%mdl 8] New and
interesting.} ({Predecessor:} 9... h6 10. Qd2 Bd7 11. Nd1 exf4 12. Bxf4 Bc6 13.
c3 Ne6 14. Bg3 d5 15. e5 Nd7 {1/2-1/2 (68) Schneider,A (2108)-Papaioannou,D 
(1922) Greifswald 2003}) 10. Bxf4 {[#]} Nh5 $1 11. Be3 Ng3 $36 {[%mdl 2048]
Black is really pushing.} 12. Rh2 h5 13. g5 f5 14. Nd5 (14. Qd2 $142) 14...
fxe4 $17 15. dxe4 {[#]} Be6 $1 {[%cal Re6d5] aiming for ...Bxd5.} 16. Nf4 (16.
Nf6+ $17 Bxf6 17. gxf6 Qxf6 18. Qd3) 16... O-O $19 17. Nxe6 Nxe6 18. Qd5 $2 {
[#]} (18. c3 Nf4 19. Bxf4 Rxf4 20. h4) 18... Qa5+ $1 {Black is clearly winning.
} 19. c3 Bxc3+ {[%mdl 64] Double Attack} 20. Kd1 {[#]} Rae8 21. Kc2 (21. Nf3
Qb5) 21... Bd4 22. Bxd4 {And now Bf6 would win.} Qa4+ {[%mdl 64] Double Attack}
23. b3 Qxd4 24. Qxd4 Nxd4+ 25. Kd3 h4 26. Bh1 Re5 27. b4 Rxg5 28. bxc5 dxc5 29.
a4 b6 30. Kc4 a6 {Hoping for ...Nf1.} 31. e5 Nxh1 32. Rxh1 Rxe5 {White did not
feel at home in the position after the opening.  Weighted Error Value: White=0.
76/Black=0.22} 0-1

[Event "36th European Club Cup 2021"]
[Site "Struga"]
[Date "2021.09.23"]
[Round "6.20"]
[White "Shevchenko, Kirill"]
[Black "Ivanisevic, Ivan"]
[Result "1/2-1/2"]
[WhiteElo "2633"]
[BlackElo "2582"]
[Annotator "TA"]
[PlyCount "177"]
[EventDate "2021.09.18"]
[EventType "team-tourn"]
[EventCountry "MKD"]
[SourceTitle "playchess.com"]
[Source "ChessBase"]
[SourceQuality "1"]

{[%evp 9,177,21,22,21,25,13,22,21,25,16,27,0,8,13,10,0,126,35,45,44,39,45,98,
99,122,78,68,79,65,71,270,221,417,438,435,421,410,423,808,628,595,469,452,406,
451,202,190,0,447,0,187,186,187,195,193,81,77,89,78,87,154,68,191,187,179,177,
181,87,95,100,125,123,120,120,147,155,148,132,131,77,77,77,88,84,92,85,83,87,
131,60,112,47,47,47,47,41,41,41,47,47,47,0,0,0,22,0,0,0,0,0,0,0,0,0,8,8,8,8,8,
0,0,0,0,0,0,0,0,0,8,7,8,0,0,0,0,0,0,0,0,0,0,0,0,0,0,0,0,0,0,0,0,0,0,0,0,0,0,0,
0,0,0,0,0,0,0,0,0,0,0,0]} 1. c4 e5 2. Nc3 Bb4 3. Nd5 a5 4. Nf3 d6 5. a3 Bc5 6.
e3 {A21: English Opening: 1...e5 2 Nc3.} c6 7. Nc3 Ba7 8. d4 Nd7 9. Be2 Ngf6 {
[#]} 10. g4 $146 ({Predecessor:} 10. O-O O-O 11. Qc2 Re8 12. b4 Bb8 13. b5 e4
14. Nd2 d5 15. a4 Nf8 16. Ba3 {0-1 (44) Santos Latasa,J (2600)-Eljanov,P (2672)
Los Cancajos 2020}) 10... Nxg4 11. Rg1 $1 {[%cal Rg1g4]} Nf8 12. dxe5 Ng6 (
12... Nxe5 $11 {keeps the balance.} 13. Ne4 (13. Rxg7 $2 Nxf3+ 14. Bxf3 Ng6 $19
) 13... Nxf3+ 14. Bxf3 Bb8) 13. Qxd6 (13. exd6 $16 {b4 is the strong threat.}
O-O 14. b3) 13... Bd7 14. Ne4 {aiming for e6.} Bb8 15. Qc5 N4xe5 (15... Nxh2
$14 16. Nxh2 Qh4) 16. Nxe5 $16 Nxe5 17. Rxg7 Qh4 18. Qd4 $36 {[%mdl 2048]
White is in control.} Qxh2 19. Rg5 {And now Nf6+ would win.} c5 $2 (19... Be6
$16) 20. Nf6+ $18 ({Resist} 20. Nxc5 $6 Bc6 $18) 20... Kd8 $2 (20... Ke7 21.
Nd5+ Kd8 22. Qxc5 Ra6) 21. Qd5 Ra6 22. Nxd7 Nxd7 23. Bd2 ({Don't blunder} 23.
Bg4 $2 Rd6 $19) 23... Be5 (23... h6 $142) 24. O-O-O {White wants to mate with
Bxa5+!} Rd6 25. Qxb7 Ke7 {If Black can now play ...Rb8 this consolidates a bit.
} 26. Qe4 Re6 27. Qd5 (27. Qf3 $142 Rf6 28. Rf5) 27... Rd6 28. Qe4 (28. Qf3 $1
Qh6 29. Rf5) 28... Re6 29. Qd5 (29. Qf3 $142 Rf6 30. Rf5) 29... Rd6 30. Qf3 Qh6
31. Rf5 {[%cal Rf5f7]} Qe6 32. Bc3 (32. Bxa5 $18 Rxd1+ 33. Kxd1) 32... Rxd1+
$16 33. Kxd1 {Hoping for Rxe5!} Bxc3 34. bxc3 Rb8 (34... Rg8 $142) 35. Qd5 ({
White should play} 35. Qf4 $16) 35... Qg6 ({Better is} 35... Rb2 $14) 36. Kc2
$18 {Threatens to win with Bh5.} f6 37. Qe4+ $1 Kd8 38. Qg4 (38. Bh5 $18 {
and White stays clearly on top.} Qg1 39. Bd1) 38... a4 39. e4 Qxg4 40. Bxg4 $16
{[%mdl 4096] Endgame KRB-KRN} Ne5 41. Be2 Rb6 42. f4 Ng6 43. Bh5 Rc6 {next ...
Ne7 is good for Black.} 44. Bf3 (44. Bg4 $142) 44... Nh4 45. Rd5+ Ke7 46. Bh1
Ng6 47. Rh5 $1 Nxf4 48. Rxh7+ Ke6 {[#]} 49. Bf3 (49. e5 $1 $16 Rc8 50. exf6)
49... Ra6 {[#]} (49... Ke5 $14) 50. Bg4+ ({White should try} 50. Kd2 $1 $16)
50... Ke5 51. Re7+ Kd6 $1 {[%cal Rd6e7]} 52. Rb7 (52. Rd7+ {is interesting.}
Ke5 53. Rc7 Kd6 54. Rf7 Ke5 55. Bf5) 52... Ra8 53. Bd7 Ng6 54. Bb5 Ne5 55. Rg7
Rh8 {The position is equal.} 56. Rg2 Rh4 57. Re2 Kc7 58. Kb1 Rh3 59. Kc2 Rh4
60. Bxa4 Nxc4 61. Be8 Nd6 62. Bg6 Rg4 63. Bf5 Rf4 64. Kd3 Nxf5 65. exf5 $11 {
KR-KR} c4+ 66. Ke3 Rxf5 67. Kd4 Ra5 68. Ra2 Ra4 69. Kc5 f5 70. Kb5 Ra8 71. a4
f4 72. Rf2 Rf8 73. Rf3 Kd6 74. Kxc4 Ke5 75. a5 Ke4 76. Rf1 Rc8+ 77. Kb4 Rb8+
78. Kc5 Rc8+ 79. Kb4 {Strongly threatening a6.} Rb8+ 80. Ka4 Rc8 81. Rc1 f3 82.
a6 f2 83. Kb4 Kd3 84. Rf1 (84. Ra1 {keeps more tension.} Rf8 85. Rf1 Rb8+ 86.
Kc5 Rc8+ 87. Kb6) 84... Ke2 85. Rxf2+ Kxf2 86. Kb5 Rxc3 87. a7 Ra3 88. Kb6 Rxa7
89. Kxa7 {Black escapes into a draw.  Weighted Error Value: White=0.33/Black=0.
21} 1/2-1/2

[Event "36th European Club Cup 2021"]
[Site "Struga"]
[Date "2021.09.23"]
[Round "6.21"]
[White "Miladinovic, Igor"]
[Black "Asadli, Vugar"]
[Result "0-1"]
[WhiteElo "2536"]
[BlackElo "2578"]
[Annotator "ChessBase"]
[PlyCount "104"]
[EventDate "2021.09.18"]
[EventType "team-tourn"]
[EventCountry "MKD"]
[SourceTitle "playchess.com"]
[Source "ChessBase"]
[SourceQuality "1"]
[TimeControl "40/5400+30:1800+30"]

1. d4 {[%emt 0:00:04]} Nf6 {[%emt 0:00:06]} 2. Bg5 {[%emt 0:00:16]} c5 {
[%emt 0:00:42]} 3. dxc5 {[%emt 0:01:30]} e6 {[%emt 0:02:38]} 4. e3 {[%emt 0:00:
44]} Bxc5 {[%emt 0:00:41]} 5. Nd2 {[%emt 0:00:08]} d5 {[%emt 0:00:59]} 6. Ngf3
{[%emt 0:00:32]} h6 {[%emt 0:01:05]} 7. Bh4 {[%emt 0:05:18]} Nc6 {[%emt 0:02:
21]} 8. h3 {[%emt 0:02:53]} O-O {[%emt 0:01:09]} 9. a3 {[%emt 0:06:13]} Bd6 {
[%emt 0:06:22]} 10. Bxf6 {[%emt 0:09:37]} Qxf6 {[%emt 0:00:57]} 11. c3 {
[%emt 0:00:02]} Bc7 {[%emt 0:11:58]} 12. Bd3 {[%emt 0:05:19]} e5 {[%emt 0:06:
44]} 13. e4 {[%emt 0:00:42]} Be6 {[%emt 0:03:24]} 14. Qe2 {[%emt 0:01:38]} Rad8
{[%emt 0:02:00]} 15. exd5 {[%emt 0:10:08]} Bxd5 {[%emt 0:00:59]} 16. Ne4 {
[%emt 0:05:14]} Qe6 {[%emt 0:04:08]} 17. g4 {[%emt 0:08:46]} Ne7 {[%emt 0:01:
45]} 18. Nh4 {[%emt 0:02:05]} Bc6 {[%emt 0:10:14]} 19. O-O-O {[%emt 0:02:36]}
Nd5 {[%emt 0:01:24]} 20. Ng2 {[%emt 0:00:36]} Bb6 {[%emt 0:02:27]} 21. Bc4 {
[%emt 0:06:01]} Qe7 {[%emt 0:01:32]} 22. Bb5 {[%emt 0:06:48]} Nxc3 {[%emt 0:01:
19]} 23. Nxc3 {[%emt 0:03:34]} Bxg2 {[%emt 0:01:19]} 24. Rhg1 {[%emt 0:04:14]}
Rxd1+ {[%emt 0:00:45]} 25. Qxd1 {[%emt 0:01:41]} Rd8 {[%emt 0:01:44]} 26. Qe2 {
[%emt 0:00:06]} Qg5+ {[%emt 0:02:44]} 27. Kc2 {[%emt 0:00:44]} Bxh3 {[%emt 0:
02:34]} 28. Rg3 {[%emt 0:01:00]} Qh4 {[%emt 0:06:31]} 29. Qf3 {[%emt 0:00:25]}
Bxg4 {[%emt 0:01:09]} 30. Rxg4 {[%emt 0:03:14]} Qxf2+ {[%emt 0:00:04]} 31. Qxf2
{[%emt 0:00:08]} Bxf2 {[%emt 0:00:02]} 32. Bc4 {[%emt 0:03:51]} Bd4 {[%emt 0:
00:55]} 33. Ne4 {[%emt 0:02:09]} Kf8 {[%emt 0:01:45]} 34. Rg3 {[%emt 0:01:29]}
f5 {[%emt 0:01:23]} 35. Rf3 {[%emt 0:00:27]} g6 {[%emt 0:00:08]} 36. Ng3 {
[%emt 0:00:28]} Kg7 {[%emt 0:01:59]} 37. Nxf5+ {[%emt 0:02:39]} gxf5 {[%emt 0:
00:13]} 38. Rxf5 {[%emt 0:00:01]} Rc8 {[%emt 0:00:22]} 39. Kd3 {[%emt 0:00:28]}
Bxb2 {[%emt 0:00:26]} 40. Rf7+ {[%emt 0:00:00]} Kg6 {[%emt 0:00:00]} 41. Re7 {
[%emt 0:05:45]} b6 {[%emt 0:04:18]} 42. Bf7+ {[%emt 0:02:32]} Kf6 {[%emt 0:00:
19]} 43. Rxa7 {[%emt 0:00:02]} Rc3+ {[%emt 0:00:16]} 44. Ke4 {[%emt 0:00:04]}
Rxa3 {[%emt 0:00:08]} 45. Rb7 {[%emt 0:00:30]} Ra4+ {[%emt 0:00:31]} 46. Ke3 {
[%emt 0:00:28]} Bd4+ {[%emt 0:00:44]} 47. Kf3 {[%emt 0:00:38]} Ra3+ {[%emt 0:
00:53]} 48. Ke4 {[%emt 0:00:23]} Re3+ {[%emt 0:00:05]} 49. Kd5 {[%emt 0:00:03]}
Bc5 {[%emt 0:00:03]} 50. Be8 {[%emt 0:00:15]} Rd3+ {[%emt 0:00:40]} 51. Ke4 {
[%emt 0:00:20]} Rd4+ {[%emt 0:00:02]} 52. Kf3 {[%emt 0:00:04]} e4+ {[%emt 0:00:
15]} 0-1